[Event "Canadian op 48th"]
[Site "Toronto"]
[Date "2011.07.09"]
[Round "1"]
[White "Moffat, Andrei"]
[Black "Chernik, Dmitry"]
[Result "1-0"]
[WhiteElo "2215"]
[BlackElo "1897"]
[PlyCount "75"]
[EventDate "2011.07.09"]
[EventType "swiss"]
[EventRounds "9"]
[EventCountry "CAN"]
[SourceTitle "EXT 2022"]
[Source "ChessBase"]
[SourceDate "2021.10.06"]
[SourceVersion "1"]
[SourceVersionDate "2021.10.06"]
[SourceQuality "1"]

1. e4 d6 2. d4 Nf6 3. Nc3 e5 4. dxe5 dxe5 5. Qxd8+ Kxd8 6. f4 Bb4 7. Bd3 Bxc3+ 8. bxc3 Re8 9. fxe5 Nxe4 10. Nf3 Nxc3 11. 0-0 Be6 12. Ng5 Nd7 13. Nxf7+ Kc8 14. Bd2 Nd5 15. Bxh7 a5 16. Ng5 Ra6 17. Bd3 Rc6 18. Nxe6 Rcxe6 19. Bxa5 Rxe5 20. Rf7 g6 21. Bd2 Nc5 22. Bxg6 Re2 23. Rf2 Rxf2 24. Kxf2 Rf8+ 25. Kg1 Nf4 26. Bxf4 Rxf4 27. Rd1 Rf6 28. Bh5 Ne4 29. Bg4+ Kb8 30. Bf3 Nc3 31. Rd8+ Ka7 32. Rd3 Nxa2 33. Ra3+ Ra6 34. Rxa6+ bxa6 35. h4 Nc3 36. h5 Nb5 37. h6 Nd6 38. Bh5 1-0

[Event "Scarborough CC-ch"]
[Site "Toronto"]
[Date "2011.04.28"]
[Round "2"]
[White "Casareno, Erwin"]
[Black "Moffat, Andrei"]
[Result "1/2-1/2"]
[WhiteElo "2164"]
[BlackElo "2220"]
[PlyCount "56"]
[EventDate "2011.02.24"]
[EventType "tourn"]
[EventRounds "9"]
[EventCountry "CAN"]
[SourceTitle "EXT 2022"]
[Source "ChessBase"]
[SourceDate "2021.10.06"]
[SourceVersion "1"]
[SourceVersionDate "2021.10.06"]
[SourceQuality "1"]

1. d4 d5 2. c4 e6 3. Nf3 Nf6 4. Nc3 Be7 5. e3 0-0 6. Bd3 c5 7. 0-0 Nc6 8. a3 b6 9. b3 Bb7 10. Bb2 cxd4 11. exd4 Rc8 12. cxd5 Nxd5 13. Rc1 Nf4 14. Be4 f5 15. Bb1 Nxg2 16. d5 Nf4 17. Re1 exd5 18. Nb5 d4 19. Nbxd4 Nxd4 20. Qxd4 Qxd4 21. Nxd4 Nh3+ 22. Kf1 Bc5 23. Bxf5 Ba6+ 24. Kg2 Nf4+ 25. Kg1 Bxd4 26. Bxc8 Bxb2 27. Bxa6 Bxc1 28. Rxc1 g5 1/2-1/2

[Event "Scarborough CC-ch"]
[Site "Toronto"]
[Date "2011.04.14"]
[Round "8"]
[White "Guo, Josh"]
[Black "Moffat, Andrei"]
[Result "1-0"]
[WhiteElo "2240"]
[BlackElo "2248"]
[PlyCount "81"]
[EventDate "2011.02.24"]
[EventType "tourn"]
[EventRounds "9"]
[EventCountry "CAN"]
[SourceTitle "EXT 2022"]
[Source "ChessBase"]
[SourceDate "2021.10.06"]
[SourceVersion "1"]
[SourceVersionDate "2021.10.06"]
[SourceQuality "1"]

1. e4 e5 2. Nf3 d6 3. d4 exd4 4. Nxd4 Nf6 5. Nc3 Be7 6. g3 0-0 7. Bg2 Re8 8. 0-0 c6 9. Bf4 Nbd7 10. Nf5 Ne5 11. Nxe7+ Qxe7 12. Qd4 Bh3 13. f3 Bxg2 14. Kxg2 h6 15. Rad1 g5 16. Bxe5 dxe5 17. Qd6 Kf8 18. Rd3 Rad8 19. Qxe7+ Kxe7 20. Rfd1 Rxd3 21. Rxd3 g4 22. Nd1 gxf3+ 23. Kxf3 Rd8 24. Rxd8 Kxd8 25. Ne3 Kd7 26. Nc4 Ke6 27. Na5 Nh7 28. Nxb7 f5 29. exf5+ Kd5 30. Nd8 Nf6 31. h3 c5 32. g4 c4 33. Ke3 e4 34. Nf7 a5 35. Nxh6 Ke5 36. Nf7+ Kd5 37. g5 Nd7 38. h4 a4 39. h5 a3 40. bxa3 c3 41. h6 1-0

[Event "Toronto"]
[Site "Toronto"]
[Date "2011.01.23"]
[Round "1"]
[White "Barron, Michael"]
[Black "Moffat, Andrei"]
[Result "1/2-1/2"]
[WhiteElo "2340"]
[BlackElo "2248"]
[PlyCount "89"]
[EventDate "2011.01.23"]
[EventType "tourn"]
[EventRounds "7"]
[EventCountry "CAN"]
[SourceTitle "EXT 2022"]
[Source "ChessBase"]
[SourceDate "2021.10.06"]
[SourceVersion "1"]
[SourceVersionDate "2021.10.06"]
[SourceQuality "1"]

1. e4 c5 2. Nf3 Nc6 3. d4 cxd4 4. Nxd4 Qb6 5. Nb3 Nf6 6. Be3 Qb4+ 7. c3 Qxe4 8. N1d2 Qe5 9. Qf3 Qc7 10. 0-0-0 d6 11. h3 g6 12. g4 Bg7 13. g5 Nd7 14. h4 Nde5 15. Qg3 Ng4 16. Nc4 Nxe3 17. Nxe3 Be6 18. Nd5 Bxd5 19. Rxd5 0-0 20. h5 Rfc8 21. Bh3 e6 22. Rd2 d5 23. f4 d4 24. h6 Bh8 25. Rhd1 dxc3 26. bxc3 Rd8 27. Qe3 Rxd2 28. Rxd2 Rd8 29. Nc5 Rxd2 30. Kxd2 b6 31. Ne4 Ne7 32. Nf6+ Bxf6 33. gxf6 Nd5 34. Qe5 Qxe5 35. fxe5 Kf8 36. Bg2 Ke8 37. c4 Nb4 38. a3 Na6 39. Bc6+ Kd8 40. Kc3 Nc5 41. Kd4 Nb3+ 42. Kc3 Nc5 43. Kd4 Nd7 44. Be4 Nc5 45. Bc6 1/2-1/2

[Event "Scarborough CC Falling Leaves"]
[Site "Toronto"]
[Date "2010.11.11"]
[Round "3"]
[White "Casareno, Erwin"]
[Black "Moffat, Andrei"]
[Result "0-1"]
[WhiteElo "2129"]
[BlackElo "2259"]
[PlyCount "72"]
[EventDate "2010.10.28"]
[EventType "swiss"]
[EventRounds "7"]
[EventCountry "CAN"]
[SourceTitle "EXT 2022"]
[Source "ChessBase"]
[SourceDate "2021.10.06"]
[SourceVersion "1"]
[SourceVersionDate "2021.10.06"]
[SourceQuality "1"]

1. e4 c5 2. Nf3 Nc6 3. Bc4 e6 4. Nc3 a6 5. d3 b5 6. Bb3 Bb7 7. 0-0 Qc7 8. a4 b4 9. Ne2 h6 10. Bf4 Bd6 11. Qd2 Bxf4 12. Nxf4 Nf6 13. c3 0-0 14. cxb4 Nxb4 15. Rac1 Rac8 16. Rfe1 Qb8 17. h3 Rfd8 18. Qe3 d5 19. exd5 Nfxd5 20. Nxd5 Bxd5 21. Rc3 Qa8 22. Ne5 Bxb3 23. Rxb3 Nc2 24. Qf4 Nxe1 25. Qxf7+ Kh8 26. Rb7 Rg8 27. Kf1 Nxg2 28. Ng6+ Kh7 29. h4 Ne3+ 30. Ke2 Nf5 31. Rb6 Rgf8 32. Nxf8+ Rxf8 33. Rxa6 Qc8 34. Qa7 Nd4+ 35. Ke1 e5 36. h5 Qf5 0-1

[Event "Toronto Howard Ridout Swiss"]
[Site "Toronto"]
[Date "2010.09.23"]
[Round "3"]
[White "Nasirov, Ilyas"]
[Black "Moffat, Andrei"]
[Result "1/2-1/2"]
[WhiteElo "1949"]
[BlackElo "2290"]
[PlyCount "73"]
[EventDate "2010.09.09"]
[EventType "swiss"]
[EventRounds "7"]
[EventCountry "CAN"]
[SourceTitle "EXT 2022"]
[Source "ChessBase"]
[SourceDate "2021.10.06"]
[SourceVersion "1"]
[SourceVersionDate "2021.10.06"]
[SourceQuality "1"]

1. d4 d5 2. c4 Nc6 3. Nc3 dxc4 4. e3 e5 5. d5 Nce7 6. Bxc4 Nf6 7. e4 Ng6 8. Nf3 Bd6 9. 0-0 a6 10. Qc2 0-0 11. Be2 Qe7 12. Be3 Bd7 13. Rac1 Nh5 14. Bg5 f6 15. Nd2 fxg5 16. Bxh5 Nf4 17. Be2 b5 18. Nb3 Rf6 19. Nd1 Rc8 20. Ne3 h5 21. a4 bxa4 22. Na5 Nxe2+ 23. Qxe2 g6 24. Nc6 Qf7 25. Rc2 Rf4 26. Nc4 Qf6 27. Nxd6 cxd6 28. Rc4 g4 29. Rxa4 a5 30. Ra3 g5 31. g3 Rf3 32. Rxa5 Rb3 33. Ra3 Rb6 34. Ra7 Rc7 35. b4 Qf3 36. Qxf3 gxf3 37. Rb1 1/2-1/2

[Event "Toronto Howard Ridout Swiss"]
[Site "Toronto"]
[Date "2010.09.16"]
[Round "2"]
[White "Moffat, Andrei"]
[Black "Ferreira, Alex"]
[Result "0-1"]
[WhiteElo "2290"]
[BlackElo "2116"]
[PlyCount "88"]
[EventDate "2010.09.09"]
[EventType "swiss"]
[EventRounds "7"]
[EventCountry "CAN"]
[SourceTitle "EXT 2022"]
[Source "ChessBase"]
[SourceDate "2021.10.06"]
[SourceVersion "1"]
[SourceVersionDate "2021.10.06"]
[SourceQuality "1"]

1. e4 d5 2. exd5 Nf6 3. Bb5+ Bd7 4. Bc4 Bg4 5. f3 Bf5 6. Nc3 c6 7. dxc6 Nxc6 8. Nge2 e5 9. Bb5 Bc5 10. Bxc6+ bxc6 11. Ng3 Bg6 12. d3 0-0 13. Qe2 Qd4 14. Nce4 Nxe4 15. Nxe4 Bxe4 16. fxe4 Bb4+ 17. Kd1 Ba5 18. c3 Qd7 19. Kc2 Bb6 20. Be3 Qe6 21. Rhf1 Rfb8 22. h3 Rb7 23. b3 a5 24. Bxb6 Rxb6 25. Qf2 Rab8 26. Rab1 f6 27. Qc5 Qc8 28. Qxa5 Ra6 29. Qc5 Rxa2+ 30. Rb2 Qa6 31. Rfb1 Rxb3 32. Qe7 Rbxb2+ 33. Rxb2 Qa4+ 34. Kc1 Ra1+ 35. Kd2 Qd1+ 36. Ke3 Qe1+ 37. Re2 Qg3+ 38. Kd2 Qf4+ 39. Kc2 Qc1+ 40. Kb3 Qd1+ 41. Kc4 Qa4+ 42. Qb4 Qa6+ 43. Kc5 Ra5+ 44. Kd6 c5+ 0-1

[Event "Scarborough CC LH Summer op"]
[Site "Toronto"]
[Date "2010.06.24"]
[Round "8"]
[White "Moffat, Andrei"]
[Black "Al Ganabi, Haqi"]
[Result "1-0"]
[WhiteElo "2291"]
[BlackElo "1965"]
[PlyCount "77"]
[EventDate "2010.04.29"]
[EventType "swiss"]
[EventRounds "8"]
[EventCountry "CAN"]
[SourceTitle "EXT 2022"]
[Source "ChessBase"]
[SourceDate "2021.10.06"]
[SourceVersion "1"]
[SourceVersionDate "2021.10.06"]
[SourceQuality "1"]

1. e4 e6 2. d4 d5 3. e5 c5 4. Qg4 Nc6 5. Nf3 cxd4 6. Bd3 f5 7. Qg3 Nge7 8. 0-0 Ng6 9. h4 Qc7 10. Re1 Bb4 11. c3 dxc3 12. bxc3 Bc5 13. h5 Nf8 14. Na3 a6 15. Nc2 Qf7 16. Rb1 Be7 17. c4 dxc4 18. Bxc4 Rg8 19. Bg5 Qxh5 20. Bxe7 Nxe7 21. Rb6 g5 22. Nfd4 Rg6 23. Qb3 Rh6 24. Kf1 Qg4 25. Qf3 Rh1+ 26. Ke2 Rxe1+ 27. Kxe1 Qxf3 28. Nxf3 g4 29. Nfd4 Neg6 30. Bxe6 Nxe6 31. Nxe6 Kf7 32. Nc7 Ra7 33. Nd5 Ke8 34. e6 a5 35. Nd4 Ne7 36. Nxe7 Kxe7 37. Nxf5+ Ke8 38. Nd6+ Kd8 39. e7+ 1-0

[Event "Scarborough CC LH Summer op"]
[Site "Toronto"]
[Date "2010.06.17"]
[Round "7"]
[White "Moffat, Andrei"]
[Black "Yusuf, Magas"]
[Result "1-0"]
[WhiteElo "2289"]
[BlackElo "1820"]
[PlyCount "39"]
[EventDate "2010.04.29"]
[EventType "swiss"]
[EventRounds "8"]
[EventCountry "CAN"]
[SourceTitle "EXT 2022"]
[Source "ChessBase"]
[SourceDate "2021.10.06"]
[SourceVersion "1"]
[SourceVersionDate "2021.10.06"]
[SourceQuality "1"]

1. e4 e5 2. d4 exd4 3. Qxd4 Nc6 4. Qe3 d6 5. Nc3 Be6 6. Bd2 Nf6 7. 0-0-0 Ne5 8. Nf3 Nfg4 9. Qe1 Qf6 10. Nxe5 Nxe5 11. f4 Nc4 12. f5 Nxd2 13. fxe6 Nxf1 14. exf7+ Qxf7 15. Rxf1 Qh5 16. Nd5 0-0-0 17. Qa5 Qh6+ 18. Kb1 Kd7 19. Qxc7+ Ke8 20. Qf7# 1-0

[Event "Scarborough CC LH Summer op"]
[Site "Toronto"]
[Date "2010.04.29"]
[Round "1"]
[White "Jizan, Masoud"]
[Black "Moffat, Andrei"]
[Result "0-1"]
[WhiteElo "1772"]
[BlackElo "2289"]
[PlyCount "38"]
[EventDate "2010.04.29"]
[EventType "swiss"]
[EventRounds "8"]
[EventCountry "CAN"]
[SourceTitle "EXT 2022"]
[Source "ChessBase"]
[SourceDate "2021.10.06"]
[SourceVersion "1"]
[SourceVersionDate "2021.10.06"]
[SourceQuality "1"]

1. e4 c5 2. Nf3 Nc6 3. Bc4 e6 4. Nc3 a6 5. a3 b5 6. Ba2 Bb7 7. d4 cxd4 8. Nxd4 Qc7 9. Nce2 Nf6 10. f3 Bd6 11. g3 0-0 12. c3 Bc5 13. b4 Ba7 14. Be3 Ne5 15. 0-0 d5 16. exd5 Nxd5 17. Bf4 Nxf4 18. Nxf4 Qxc3 19. Nfe2 Nxf3+ 0-1

[Event "Hart House Holiday op"]
[Site "Toronto"]
[Date "2009.12.20"]
[Round "5"]
[White "Moffat, Andrei"]
[Black "Shebeta, Wajdi"]
[Result "1-0"]
[WhiteElo "2232"]
[BlackElo "2236"]
[PlyCount "92"]
[EventDate "2009.12.18"]
[EventType "swiss"]
[EventRounds "5"]
[EventCountry "CAN"]
[SourceTitle "EXT 2011"]
[Source "ChessBase"]
[SourceDate "2010.11.26"]
[SourceVersion "1"]
[SourceVersionDate "2010.11.26"]
[SourceQuality "1"]

1. e4 e6 2. d4 d5 3. e5 c5 4. Qg4 cxd4 5. Nf3 Nc6 6. Bd3 Qc7 7. Qg3 Nge7 8. 0-0 Ng6 9. Re1 Bd7 10. a3 Be7 11. b4 0-0-0 12. c3 dxc3 13. Nxc3 Nd4 14. Bf4 Nxf3+ 15. Qxf3 Qb6 16. Rac1 Kb8 17. Bg3 Rhf8 18. Nxd5 exd5 19. e6+ Bd6 20. exd7 Rxd7 21. Rc5 Bxg3 22. Qxg3+ Qd6 23. Bf5 Qxg3 24. fxg3 Rdd8 25. h4 f6 26. Bxg6 hxg6 27. Re7 Rc8 28. Rxd5 Rc1+ 29. Kh2 Rc7 30. Rdd7 Rxd7 31. Rxd7 Rg8 32. b5 Kc8 33. Rf7 g5 34. Kh3 gxh4 35. gxh4 Rd8 36. Rxg7 Rd3+ 37. Rg3 Rd5 38. Rf3 Rxb5 39. Rxf6 Rb3+ 40. Rf3 Rxf3+ 41. gxf3 Kd7 42. Kg4 b5 43. Kf5 a5 44. Ke5 Ke7 45. f4 Kf7 46. h5 a4 1-0

[Event "Toronto Scarborough CC Falling Leaves"]
[Site "Toronto"]
[Date "2009.12.17"]
[Round "7"]
[White "Pedersen, Rune Linnebo"]
[Black "Moffat, Andrei"]
[Result "1/2-1/2"]
[WhiteElo "2383"]
[BlackElo "2234"]
[PlyCount "59"]
[EventDate "2009.11.05"]
[EventType "swiss"]
[EventRounds "7"]
[EventCountry "CAN"]
[SourceTitle "EXT 2011"]
[Source "ChessBase"]
[SourceDate "2010.11.26"]
[SourceVersion "1"]
[SourceVersionDate "2010.11.26"]
[SourceQuality "1"]

1. e4 c5 2. Nf3 d6 3. d4 cxd4 4. Nxd4 Nf6 5. Nc3 Nc6 6. Bg5 Bd7 7. Qd2 Rc8 8. 0-0-0 Nxd4 9. Qxd4 Qa5 10. f4 e6 11. e5 dxe5 12. fxe5 Bc5 13. Qd2 Nd5 14. Nxd5 Qxd2+ 15. Rxd2 exd5 16. Rxd5 h6 17. Bd2 Be6 18. Bb5+ Ke7 19. Rxc5 Rxc5 20. Bb4 Rhc8 21. Re1 a5 22. Bxc5+ Rxc5 23. a4 Bf5 24. c3 Ke6 25. Re3 Rxe5 26. Bc4+ Kd6 27. Rxe5 Kxe5 28. Bxf7 Be4 29. g3 Bc6 30. Bg6 1/2-1/2

[Event "Toronto Howard Ridout op"]
[Site "Toronto"]
[Date "2009.10.08"]
[Round "5"]
[White "Southam, David"]
[Black "Moffat, Andrei"]
[Result "1/2-1/2"]
[WhiteElo "2146"]
[BlackElo "2210"]
[PlyCount "46"]
[EventDate "2009.09.10"]
[EventType "swiss"]
[EventRounds "8"]
[EventCountry "CAN"]
[SourceTitle "EXT 2011"]
[Source "ChessBase"]
[SourceDate "2010.11.26"]
[SourceVersion "1"]
[SourceVersionDate "2010.11.26"]
[SourceQuality "1"]

1. d4 d5 2. Nf3 Nc6 3. Bf4 Bg4 4. e3 e6 5. Nbd2 Bd6 6. Be2 Bxf4 7. exf4 Qd6 8. g3 Nge7 9. c3 f6 10. 0-0 0-0 11. Re1 Kh8 12. Nh4 Bf5 13. Nxf5 Nxf5 14. Bd3 g6 15. Qe2 Rae8 16. Nf3 Nd8 17. Bxf5 gxf5 18. Qe3 b6 19. Re2 Rf7 20. Rae1 Rg8 21. b3 Rfg7 22. c4 c6 23. Rc1 Qd7 1/2-1/2

[Event "Toronto PWC op"]
[Site "Toronto"]
[Date "2009.04.19"]
[Round "5"]
[White "Masse, Hugues"]
[Black "Moffat, Andrei"]
[Result "1-0"]
[WhiteElo "2220"]
[BlackElo "2132"]
[PlyCount "58"]
[EventDate "2009.04.17"]
[EventType "swiss"]
[EventRounds "5"]
[EventCountry "CAN"]
[SourceTitle "CBM 129 Extra"]
[Source "ChessBase"]
[SourceDate "2009.05.05"]
[SourceVersion "2"]
[SourceVersionDate "2009.05.20"]
[SourceQuality "1"]

1. d4 d5 2. c4 Nc6 3. cxd5 Qxd5 4. e3 e5 5. Nc3 Bb4 6. Bd2 Bxc3 7. Bxc3 Nge7 8. dxe5 Qxd1+ 9. Rxd1 Be6 10. a3 0-0 11. Nf3 Nd5 12. Bd4 Nce7 13. e4 Nf4 14. Be3 Neg6 15. Nd4 Rfd8 16. g3 Bg4 17. Rc1 c5 18. Rxc5 Ne6 19. Rd5 Nxd4 20. Bxd4 Bf3 21. Rg1 Bxe4 22. Rxd8+ Rxd8 23. Bc3 Bf3 24. Be2 Nxe5 25. Bxe5 Bxe2 26. Kxe2 Re8 27. f4 f6 28. Kf3 fxe5 29. Re1 Rd8 1-0